Một nền giáo dục nhân bản và dân tộc
Salvato in:
| Autore principale: | |
|---|---|
| Natura: | Libro |
| Lingua: | Undetermined |
| Pubblicazione: |
Sài Gòn
Tác giả xuất bản
1966
|
| Soggetti: | |
| Tags: |
Aggiungi Tag
Nessun Tag, puoi essere il primo ad aggiungerne! !
|
| Thư viện lưu trữ: | Trung tâm Học liệu Trường Đại học Cần Thơ |
|---|
| LEADER | 00579nam a2200181Ia 4500 | ||
|---|---|---|---|
| 001 | CTU_6117 | ||
| 008 | 210402s9999 xx 000 0 und d | ||
| 082 | |a 371.009597 | ||
| 082 | |b T121 | ||
| 100 | |a Đoàn Nhật Tấn | ||
| 245 | 0 | |a Một nền giáo dục nhân bản và dân tộc | |
| 245 | 0 | |c Đoàn Nhật Tấn | |
| 260 | |a Sài Gòn | ||
| 260 | |b Tác giả xuất bản | ||
| 260 | |c 1966 | ||
| 650 | |a education - history - vietnam | ||
| 904 | |i Nguyễn Quang Điền, 960812 | ||
| 980 | |a Trung tâm Học liệu Trường Đại học Cần Thơ | ||